Minerales para fertilizantes / (Record no. 97771)

MARC details
000 -LEADER
campo de control de longitud fija 00534nam a2200169 i 4500
001 - NÚMERO DE CONTROL
campo de control 97771
003 - IDENTIFICADOR DE NÚMERO DE CONTROL
campo de control ES-MaACL
005 - FECHA Y HORA DE LA ÚLTIMA TRANSACCIÓN
campo de control 20230906182146.0
007 - CAMPO FIJO DE DESCRIPCIÓN FÍSICA--INFORMACIÓN GENERAL
campo de control de longitud fija t|
008 - DATOS DE LONGITUD FIJA--INFORMACIÓN GENERAL
campo de control de longitud fija 050718q19401949sp ||||1| spa d
100 1# - ENTRADA PRINCIPAL--NOMBRE DE PERSONA
Nombre de persona Marín y Bertrán de Lis, Agustín.
9 (RLIN) 76820
245 10 - MENCIÓN DEL TÍTULO
Título Minerales para fertilizantes /
Mención de responsabilidad, etc. por Agustín Marín y Bertrán de Lis.
260 ## - PUBLICACIÓN, DISTRIBUCIÓN, ETC.
Lugar de publicación, distribución, etc. Madrid :
Nombre del editor, distribuidor, etc. Gráficas Reunidas,
Fecha de publicación, distribución, etc. [194-?]
300 ## - DESCRIPCIÓN FÍSICA
Extensión 14 p. ;
Dimensiones 32 cm.
500 ## - NOTA GENERAL
Nota general Separata de la Rev. Minería y Metalurgía.
852 ## - LOCALIZACIÓN
Ubicación ES-MaACL
Número de control de estantería 1672-F-28
Sublocalización o colección R.21129
Holdings
Estatus retirado Estado de pérdida Estado de daño No para préstamo Colección Biblioteca de origen Biblioteca actual Ubicación en estantería Fecha de adquisición Fuente de adquisición Total de préstamos Signatura topográfica completa Código de barras Visto por última vez Precio de reemplazo Tipo de ítem Koha
        Colección de folletos Biblioteca del Ateneo de Madrid Biblioteca del Ateneo de Madrid Depósito folletos 17/01/2008     1672-F-28 1102061 23/02/2023 23/02/2023 Folleto